1619 1216 1013 1002 1303 1826 1765 1085 1240 1958 1841 1455 1332 1522 1694 1452 1700 1338 1441 1213 1495 1029 1770 1634 1995 1114 1834 1317 1512 1885 1584 1519 1004 1997 1197 1189 1249 1952 1334 1027 1176 1163 1712 1175 1318 1431 1397 1185 1808 1849 1392 1697 1257 1660 1234 1920 1830 1421 1563 1767 1658 1784 1147 1457 1151 1960 1343 1186 1305 1192 1534 1952 1194 1906 1969 1639 1870 1681 1391 1972 1444 1087 1588 1388 1119 1433 1692 1016 1757 1644 1595 1352 1705 1481 1171 1639 1384 1402 1000 BCNSPRNW ULIB Ver.6.0+V

เปลี่ยนเป็นภาษาไทย

Change to English
 แสดงรายละเอียดบรรณานุกรม
  กลับหน้าหลัก

Brief Record : Get Marc (ISO 2709) : E-mail record : QR code < ปิดหน้าต่าง
LEADER : 00000nam 2200000uu 4500
001    13399126667
003     ULIB
008    190206s2561||||th 000 0 tha d
020 ^  ^a9786164381773
060 ^  ^aWK820^bธ117ภ
100 0  ^aธงชัย ประฏิภาณวัตร.
245 1  ^aภาวะดื้อต่ออินซูลินและภาวะความผิดปกติที่เกี่ยวข้อง =^bInsulin resistance and it s related disorder /^cธงชัย ประฏิภาณวัตร.
246 ^  ^aInsulin resistance and it s related disorder
250 ^  ^aพิมพ์ครั้งที่ 1.
260 ^  ^aขอนแก่น :^bภาควิชาอายุรศาสตร์ คณะแพทยศาสตร์ มหาวิทยาลัยขอนแก่น,^c2561.
300 ^  ^a[ก]-ง, 325 หน้า :^bภาพประกอบ
650 ^  ^aการดื้ออินซูลิน.
650 ^  ^aการดื้ออินซูลิน^xภาวะแทรกซ้อน.
650 ^  ^aอินซูลิน^xการใช้รักษา.
694 ^  ^aHealth Sciences Branch.
710 2  ^aมหาวิทยาลัยขอนแก่น.^bคณะแพทยศาสตร์.^bภาควิชาอายุรศาสตร์
945    ^p500^l0^i26960
945    ^p500^l0^i26959
945    ^p500^l0^i26957
945    ^p500^l0^i26958
999    ^aกัณชพร จุลอักษร
รายการนี้ยังไม่มีแท็ก
คุณยังไม่ได้ล็อกอิน คุณสามารถมีกิจกรรมร่วมกับเว็บไซต์ได้ แต่ต้องล็อกอินก่อน ::
  ล็อกอิน

รายการสื่อสารสนเทศ

ลำดับที่ ประเภท เลขเรียก/บาร์โค้ด สถานที่ สถานะ
1. หนังสือสำรอง
หนังสือสำรอง
WK820 ธ117ภ ฉ.1 
  Barcode: 26957
ห้องสมุดวิทยาเขตนครสวรรค์
►หนังสือทั่วไป:l:General Books
บนชั้น
2. วิทยาศาสตร์การแพทย์ และสุขภาพ
วิทยาศาสตร์การแพทย์ และสุขภาพ
WK820 ธ117ภ ฉ.2 
  Barcode: 26958
ห้องสมุดวิทยาเขตนครสวรรค์
►หนังสือทั่วไป:l:General Books
บนชั้น
3. วิทยาศาสตร์การแพทย์ และสุขภาพ
วิทยาศาสตร์การแพทย์ และสุขภาพ
WK820 ธ117ภ ฉ.3 
  Barcode: 26959
ห้องสมุดวิทยาเขตนครสวรรค์
►หนังสือทั่วไป:l:General Books
บนชั้น
4. วิทยาศาสตร์การแพทย์ และสุขภาพ
วิทยาศาสตร์การแพทย์ และสุขภาพ
WK820 ธ117ภ ฉ.4 
  Barcode: 26960
ห้องสมุดวิทยาเขตนครสวรรค์
►หนังสือทั่วไป:l:General Books
บนชั้น

รายการใกล้เคียง
    ผู้แต่ง [ธงชัย ประฏิภาณวัตร.]

    หัวเรื่อง [การดื้ออินซูลิน.]

BibComment


ยังไม่เคยถูกคอมเมนท์

คอมเมนท์ทรัพยากรรายการนี้
  คอมเมนท์: ภาวะดื้อต่ออินซู..


 Copyright 2026. Bcnsprnw @Library